000 00652nam a22002297a 4500
003 UA-OsUOA
001 100412
007 ta
008 20130528b un ||||| |||| 00| 0 ukr d
100 _aЧерный-Диденко Ю.
090 _a821.161.2
_bЧ-49
942 _cBK
040 _aUA-OsUOA
_brus
_cUA-OsUOA
_dUA-OsUOA
245 _aСочинения в двух томах
_bТ.1
_cПравда на земле одна
300 _a573 с.
955 _a3
041 _arus
080 _a821.161.2
260 _aК.
_bДніпро
_c1977
650 7 _a82 Література. Літературознавство
_2UDC
999 _c387018
_d387018